| 000 | 00935nam a22002655a 4500 | ||
|---|---|---|---|
| 003 | OSt | ||
| 005 | 20171127150324.0 | ||
| 008 | 100622s1998 ua gr 000 0 ara d | ||
| 017 | _a1998 / 16746 | ||
| 020 | _a9771408909 | ||
| 040 |
_aEG-ScBUE _bara _cEG-ScBUE |
||
| 082 | 0 | 4 |
_a297.1228 _bط ن ط _222 |
| 100 | 1 |
_aطنطاوي، محمد سيد. _920036 |
|
| 245 | 1 | 0 |
_aجوامع الدعاء من القرآن والسنة / _cمحمد سيد طنطاوي . |
| 250 | _aط. 3. | ||
| 260 |
_aالقاهرة : _bنهضة مصر للطباعة والنشر، _c1998. |
||
| 300 |
_a199 ص. ؛ _c20 سم. |
||
| 504 | _aيحتوى على إرجاعات ببليوجرافية. | ||
| 541 |
_aعلاء عبد الغنى _cإهداء |
||
| 650 | 7 |
_aالأدعية والأوراد في القرآن. _2BUEsh |
|
| 650 | 7 |
_aالحديث _xأدعية. _2BUEsh |
|
| 651 | _2BUEsh | ||
| 653 |
_bGGEN _cNovember2017 |
||
| 942 |
_2ddc _cBB |
||
| 999 |
_c14152 _d14152 |
||